| 000 | 00000nam 2200000za 4500 |
| 001 | 9.839964 |
| 003 | CaOODSP |
| 005 | 20221107151729 |
| 007 | cr ||||||||||| |
| 008 | 170908s2016 onc ob f000 0 eng d |
| 020 | |a978-0-660-09088-7 |
| 040 | |aCaOODSP|beng |
| 043 | |an-cn--- |
| 086 | 1 |aP4-71/2016E-PDF |
| 245 | 00|aNational Shipbuilding Strategy |h[electronic resource] : |bFebruary 2012-December 2015 status report. |
| 260 | |a[Ottawa : |bPublic Services and Procurement Canada, |c2016] |
| 300 | |a10 p. |
| 500 | |aIssued also in French under title: Stratégie nationale de construction navale : de février 2012 à décembre 2015, rapport de situation. |
| 500 | |aCover title. |
| 504 | |aIncludes bibliographical references. |
| 692 | 07|2gccst|aShipbuilding |
| 692 | 07|2gccst|aArmed forces |
| 692 | 07|2gccst|aPurchasing |
| 710 | 1 |aCanada. |bPublic Services and Procurement Canada. |
| 775 | 08|tStratégie nationale de construction navale |w(CaOODSP)9.839966 |
| 856 | 40|qPDF|s219 KB|uhttps://publications.gc.ca/collections/collection_2017/spac-pspc/P4-71-2016-eng.pdf |